Introduction to Pharmaectical Engineering (Record no. 5769)

MARC details
000 -LEADER
fixed length control field 00519nam a22001937a 4500
003 - CONTROL NUMBER IDENTIFIER
control field OSt
005 - DATE AND TIME OF LATEST TRANSACTION
control field 20170328175923.0
008 - FIXED-LENGTH DATA ELEMENTS--GENERAL INFORMATION
fixed length control field 170328b xxu||||| |||| 00| 0 eng d
020 ## - INTERNATIONAL STANDARD BOOK NUMBER
International Standard Book Number 9788185790381
040 ## - CATALOGING SOURCE
Transcribing agency DMLN
082 ## - DEWEY DECIMAL CLASSIFICATION NUMBER
Classification number QV746 P211i 2009
100 ## - MAIN ENTRY--PERSONAL NAME
Personal name Paradkar, Anant R.
9 (RLIN) 11995
245 ## - TITLE STATEMENT
Title Introduction to Pharmaectical Engineering
260 ## - PUBLICATION, DISTRIBUTION, ETC. (IMPRINT)
Place of publication, distribution, etc. Mumbai; Nirali Prakashan, 2007
300 ## - PHYSICAL DESCRIPTION
Extent 340p;ill: 26cm
504 ## - BIBLIOGRAPHY, ETC. NOTE
Bibliography, etc Index included
650 ## - SUBJECT ADDED ENTRY--TOPICAL TERM
Topical term or geographic name as entry element Pharmaceutical engineering
9 (RLIN) 11988
942 ## - ADDED ENTRY ELEMENTS (KOHA)
Source of classification or shelving scheme Other/Generic Classification Scheme
Koha item type Short Loan
Holdings
Withdrawn status Lost status Source of classification or shelving scheme Damaged status Not for loan Home library Current library Date acquired Source of acquisition Inventory number Total Checkouts Full call number Barcode Date last seen Koha item type
    Other/Generic Classification Scheme     Pharmacy Department Library Pharmacy Department Library 28/03/2017 Purchase 11/00192   QV746 P211i 2009 2017-0670 28/03/2017 Short Loan
    Other/Generic Classification Scheme     Pharmacy Department Library Pharmacy Department Library 28/03/2017 Purchase 11/00193   QV746 P211i 2009 2017-0671 28/03/2017 Short Loan
    Other/Generic Classification Scheme     Pharmacy Department Library Pharmacy Department Library 28/03/2017 Purchase 11/00194   QV746 P211i 2009 2017-0672 28/03/2017 Short Loan